Culture Générale - Série 854 - Statistiques

Statistiques générales
  • Ce quiz a été pris 147 fois
  • Le résultat moyen est 6 sur 10
Statistiques - réponses
Question Réponse % Correct
Selon la Bible qui tua son frère Abel par jalousie ? Caïn
90%
Qu'est-ce qui peut être monarchique, matrimonial, sans sel, de croisière ou de bananes ? régime
88%
Quel bandit du XVIIIe siècle, incarné par Jean-Paul Belmondo au cinéma en 1962, a le nom d'une munition de carabine ? Cartouche
73%
Quelle était la nationalité du compositeur : Hector Berlioz ? Française
73%
Quel roman de Balzac doit son titre au nom des paysans royalistes de l'Ouest, insurgés contre la Première République ? Les Chouans
51%
A partir de quel fruit est obtenue la liqueur appelée : marasquin ? cerise
40%
Quel joueur a marqué le but de la victoire pour l'OM, en finale de la Coupe d'Europe des clubs champions en 1993 ? Basile Boli
38%
Quel gaz incolore, inodore et inflammable, est également nommé : "gaz des marais" ? méthane
35%
En 1284, dans quelle ville de Grande-Bretagne est fondé le collège Peterhouse ? Cambridge
34%
En argot, qu'est-ce qu'un "tire-jus" ? mouchoir
31%
Aucun quiz correspondant
Distribution des résultats
% des personnes avec chaque résultat
Percentile par nombre de réponses
Votre historique - résultats
Vous n’avez pas pris ce quiz